Hutchison's clinical methods : (رقم التسجيلة. 24223)
[ عرض عادي ]
| 000 -الفاتح | |
|---|---|
| حقل البيانات ثابتة الطول | 02525cam a2200313 a 4500 |
| 001 - رقم الضبط | |
| رقم الضبط | 166278561 |
| 003 - محدد رقم الضبط | |
| رقم الضبط | OSt |
| 005 - وقت وتاريخ اخر تعامل مع التسجيلة | |
| رقم الضبط | 20150408114046.0 |
| 008 - عناصر البيانات ثابتة الطول - معلومات عامة | |
| حقل البيانات ثابتة الطول | 120623s2007 stkac | 001 0 eng |
| 020 ## - الرقم الدولى المعيارى للكتب | |
| الرقم الدولى المعيارى للكتاب | 9780702027994 (pbk.) |
| 020 ## - الرقم الدولى المعيارى للكتب | |
| الرقم الدولى المعيارى للكتاب | 0702027995 (pbk.) |
| 020 ## - الرقم الدولى المعيارى للكتب | |
| الرقم الدولى المعيارى للكتاب | 9780702027987 (international ed. : pbk) |
| 020 ## - الرقم الدولى المعيارى للكتب | |
| الرقم الدولى المعيارى للكتاب | 0702027987 (international ed. : pbk) |
| 040 ## - مصدر الفهرسة | |
| وكالة النسخ | MU |
| 082 04 - رقم تصنيف ديوى العشرى | |
| رقم التصنيف | 616.075 H U C |
| رقم الطبعة | 22 |
| 245 00 - بيان العنوان | |
| العنوان | Hutchison's clinical methods : |
| بقية العنوان | an integrated approach to clinical practice. edited by Michael Swash, Michael Glynn. |
| 246 3# - العنوان الموازى | |
| عنوان صحيح/عنوان مختصر | Clinical methods. |
| 250 ## - بيان الطبعة | |
| بيان الطبعة | 22nd ed. / |
| بقية بيان الطبعة | edited by Michael Swash, Michael Glynn. |
| 260 ## - PUBLICATION, DISTRIBUTION, ETC. (IMPRINT) | |
| مكان الناشر او الموزع | Edinburgh ; |
| -- | New York : |
| اسم الناشر او الموزع | Saunders Elsevier, |
| تاريخ النشر أو التوزيع | c2007. |
| 300 ## - الوصف المادى | |
| التعداد | xii, 547 p. : |
| تفاصيل ماديه اخرى للوعاء | ill. (chiefly col.), port. ; |
| أبعاد الوعاء | 27 cm. |
| 500 ## - تبصرة عامة | |
| تبصرة عامة | Includes index. |
| 505 0# - تبصرة محتويات-الفهرس | |
| تبصرة المحتويات المصاغة | Doctor and patient: general principles of history taking / M. Swash, M. Glynn -- Physical examination: general principles / M. Swash, M. Glynn -- Differential diagnosis: the beginning of a management plan / M. Swash -- Psychiatric assessment / H.A. Ring -- Nutritional assessment / J. Powell-Tuck -- Respiratory system / J. Moore-Gillon -- Cardiovascular system / A. Timmis -- Gastrointestinal system / M. Glynn -- Locomotor system / D. D'Cruz -- Nervous system / J. McAuley, M. Swash -- Skin, nails, and hair / R. Cerio -- Endocrine disorders / J.P. Monson, W. Drake -- Diabetes and other metabolic disorders / G.A. Hitman, T.A. Chowdhury -- Kidneys and urinary tract / R.C. Thuraisingham -- Gynaecology and obstetrics / T. Beedham -- Children and adolescents / R. Harris -- Older people / A. Feather -- Eyes / A. Coombes -- Ear, nose, and throat / M.J. Wareing -- Face, mouth, jaws, and neck / J.L.B. Carter -- Unconscious patients / T. Coats -- Major acute trauma injury / F.W. Cross -- Intensive care / J.H. Coakley -- Pain / W.J. Gallagher, S. Nikolic -- People with cancer / P.N. Plowman -- Blood disorders / D. Provan -- Sexually transmitted infections / B.T. Goh -- Ethical issues in medicine / M. Swash -- Appendix 1: a guide to reference ranges used in pathology / M. Browne -- Appendix 2: Collecting specimens for laboratory analysis / M. Millar -- Appendix 3: Blood and intestinal parasites. |
| 650 #4 - المدخل الاضافى بالموضوع-مصطلح موضوعى | |
| مصطلح موضوعي أو اسم جغرافي كعنصر مدخل | Diagnostic Techniques and Procedures. |
| 9 (RLIN) | 16137 |
| 650 #4 - المدخل الاضافى بالموضوع-مصطلح موضوعى | |
| مصطلح موضوعي أو اسم جغرافي كعنصر مدخل | Clinical Medicine |
| التقسيم الفرعي العام | methods. |
| 700 1# - المدخل الاضافى - اسم شخصى | |
| الإسم الشخصى | Swash, Michael. |
| 9 (RLIN) | 16138 |
| 700 1# - المدخل الاضافى - اسم شخصى | |
| الإسم الشخصى | Glynn, Michael, |
| العنوان والكلمات الأخرى المصاحبة للاسم | M.A. |
| 9 (RLIN) | 16139 |
| 700 1# - المدخل الاضافى - اسم شخصى | |
| الإسم الشخصى | Hutchison, Robert, |
| العنوان والكلمات الأخرى المصاحبة للاسم | Sir, |
| التواريخ المصاحبة للاسم | 1871-1960. |
| عنوان العمل | Clinical methods. |
| 9 (RLIN) | 16140 |
| 942 ## - عناصر المدخل الإضافي( كوها) | |
| مصدر التصنيف او مخطط الترفيف | Dewey Decimal Classification |
| Koha [default] item type | DVD |
| حالة الفقد | نموذج السعر الفعال | حالة تلف | ليس للاعارة | رقم الطلب | رقم النسخة | تاريخ الاكتساب | الموقع الحالي | الباركود | الفرع الرئيسي | Date last checked out | Date last seen | نوع المادة فى نظام كوها | مصدر التصنيف او خطة الترفيف | Total Checkouts |
|---|---|---|---|---|---|---|---|---|---|---|---|---|---|---|
| 2013-03-10 | 616.075 H U C | c.1 | 2012-06-23 | المكتبة المركزية بالمجمعة (CL) | 00109764 | المكتبة المركزية بالمجمعة (CL) | 2016-01-19 | 2016-04-19 | كتاب | Dewey Decimal Classification | 1 | |||
| 2013-03-10 | 616.075 H U C | c.2 | 2012-06-23 | المكتبة المركزية بالمجمعة (CL) | 00109765 | المكتبة المركزية بالمجمعة (CL) | 2016-01-19 | 2016-02-07 | كتاب | Dewey Decimal Classification | 2 | |||
| 2013-03-10 | 616.075 H U C | c.3 | 2012-06-23 | المكتبة المركزية بالمجمعة (CL) | 00109766 | المكتبة المركزية بالمجمعة (CL) | 2013-03-10 | كتاب | Dewey Decimal Classification |
